[Event "EYCC 2024 - G16"]
[Site "?"]
[Date "2024.08.28"]
[Round "6.1"]
[White "Rasheva, Nora"]
[Black "Hayrapetyan, Nvard"]
[Result "1-0"]
[BlackElo "1748"]
[WhiteElo "1942"]
[LiveChessVersion "1.4.8"]

1. d4 {[%clk 1:30:58]} Nf6 {[%clk 1:30:56]} 2. c4 {[%clk 1:31:22]} e6
{[%clk 1:31:23]} 3. Nf3 {[%clk 1:31:40]} b6 {[%clk 1:31:42]} 4. g3
{[%clk 1:32:05]} Bb7 {[%clk 1:32:08]} 5. Bg2 {[%clk 1:32:31]} Be7
{[%clk 1:32:32]} 6. O-O {[%clk 1:32:44]} O-O {[%clk 1:32:45]} 7. Nc3
{[%clk 1:33:10]} Ne4 {[%clk 1:32:05]} 8. Qc2 {[%clk 1:30:08]} Nxc3
{[%clk 1:22:05]} 9. bxc3 {[%clk 1:29:36]} c5 {[%clk 1:20:08]} 10. Ng5
{[%clk 1:24:25]} Bxg5 {[%clk 1:16:21]} 11. Bxb7 {[%clk 1:24:40]} Bxc1
{[%clk 1:15:44]} 12. Raxc1 {[%clk 1:21:21]} Nc6 {[%clk 1:15:54]} 13. Bxa8
{[%clk 1:20:47]} Qxa8 {[%clk 1:16:22]} 14. Rcd1 {[%clk 1:20:19]} cxd4
{[%clk 1:10:58]} 15. cxd4 {[%clk 1:19:00]} Na5 {[%clk 1:06:51]} 16. Qa4
{[%clk 1:18:54]} d6 {[%clk 0:49:36]} 17. f3 {[%clk 1:11:51]} Rc8 {[%clk 0:42:54]}
18. c5 {[%clk 1:11:13]} dxc5 {[%clk 0:40:38]} 19. dxc5 {[%clk 1:11:35]} Rxc5
{[%clk 0:40:32]} 20. Rd7 {[%clk 1:11:33]} h6 {[%clk 0:20:52]} 21. Rfd1
{[%clk 1:04:51]} Rc8 {[%clk 0:15:48]} 22. Qf4 {[%clk 1:03:29]} Rf8
{[%clk 0:16:05]} 23. Rc7 {[%clk 1:03:45]} Qe8 {[%clk 0:09:08]} 24. Rdd7
{[%clk 0:33:45]} Nc6 {[%clk 0:07:45]} 25. a4 {[%clk 0:32:30]} a6 {[%clk 0:05:58]}
26. Kf2 {[%clk 0:30:44]} e5 {[%clk 0:04:30]} 27. Qc4 {[%clk 0:30:12]} Nd4
{[%clk 0:04:21]} 28. Re7 {[%clk 0:29:56]} b5 {[%clk 0:04:00]} 29. Qa2
{[%clk 0:28:52]} 1-0

[Event "EYCC 2024 - G16"]
[Site "?"]
[Date "2024.08.28"]
[Round "6.2"]
[White "Karacsonyi, Luca"]
[Black "Moscovitch, Michal"]
[Result "1/2-1/2"]
[BlackElo "1618"]
[WhiteElo "1914"]
[LiveChessVersion "1.4.8"]

1. e4 {[%clk 1:30:56]} e6 {[%clk 1:30:56]} 2. d4 {[%clk 1:31:20]} d5
{[%clk 1:31:21]} 3. e5 {[%clk 1:31:41]} c5 {[%clk 1:31:43]} 4. c3
{[%clk 1:32:04]} Nc6 {[%clk 1:32:04]} 5. Nf3 {[%clk 1:32:25]} Nge7
{[%clk 1:32:23]} 6. Na3 {[%clk 1:32:42]} Bd7 {[%clk 1:32:35]} 7. Nc2
{[%clk 1:31:33]} Qa5 {[%clk 1:32:45]} 8. Bd2 {[%clk 1:30:28]} Qb6
{[%clk 1:32:54]} 9. dxc5 {[%clk 1:28:58]} Qc7 {[%clk 1:33:04]} 10. Bb5
{[%clk 1:10:10]} Nxe5 {[%clk 1:23:17]} 11. Bxd7+ {[%clk 1:10:12]} Nxd7
{[%clk 1:23:22]} 12. b4 {[%clk 1:08:16]} Ng6 {[%clk 1:15:57]} 13. O-O
{[%clk 1:04:02]} Be7 {[%clk 1:14:54]} 14. Ncd4 {[%clk 1:00:55]} a6
{[%clk 1:14:25]} 15. Bg5 {[%clk 0:51:46]} Nf6 {[%clk 1:09:25]} 16. Qa4+
{[%clk 0:46:33]} Qd7 {[%clk 1:09:43]} 17. Qxd7+ {[%clk 0:45:16]} Kxd7
{[%clk 1:09:46]} 18. Bxf6 {[%clk 0:42:40]} Bxf6 {[%clk 1:10:04]} 19. a4
{[%clk 0:41:02]} Rhc8 {[%clk 1:05:16]} 20. Rfc1 Ne5 {[%clk 0:52:17]} 21. Nxe5+
{[%clk 0:30:22]} Bxe5 {[%clk 0:52:40]} 22. Nb3 {[%clk 0:25:14]} Bf6
{[%clk 0:45:15]} 23. Rab1 {[%clk 0:20:27]} Be7 {[%clk 0:34:40]} 24. c4
{[%clk 0:17:45]} dxc4 {[%clk 0:33:35]} 25. Na5 {[%clk 0:17:23]} Rab8
{[%clk 0:31:19]} 26. Nxc4 {[%clk 0:16:53]} Ke8 {[%clk 0:29:50]} 27. Nb6
{[%clk 0:14:07]} Rc6 {[%clk 0:26:58]} 28. Rd1 {[%clk 0:12:49]} Rd8
{[%clk 0:24:44]} 29. Nc4 {[%clk 0:11:02]} Rc7 {[%clk 0:22:18]} 30. Rxd8+
{[%clk 0:08:42]} Kxd8 {[%clk 0:22:06]} 31. Rd1+ {[%clk 0:06:16]} Rd7
{[%clk 0:21:38]} 32. Rxd7+ {[%clk 0:05:19]} Kxd7 {[%clk 0:22:06]} 33. Ne5+
{[%clk 0:05:13]} Kc7 {[%clk 0:21:06]} 34. Nc4 {[%clk 0:02:53]} f6
{[%clk 0:16:20]} 35. Kf1 {[%clk 0:02:42]} Bd8 {[%clk 0:15:46]} 36. Nd6
{[%clk 0:01:42]} b6 {[%clk 0:15:09]} 37. Ne8+ {[%clk 0:01:34]} Kd7
{[%clk 0:13:05]} 38. Nxg7 {[%clk 0:01:27]} bxc5 {[%clk 0:12:19]} 39. bxc5
{[%clk 0:01:45]} e5 {[%clk 0:12:27]} 40. Ke2 {[%clk 0:01:14]} Be7
{[%clk 0:12:27]} 41. Kd3 {[%clk 0:01:24]} Bxc5 {[%clk 0:11:23]} 42. f3
{[%clk 0:01:43]} Kc6 {[%clk 0:07:22]} 43. Kc4 {[%clk 0:01:56]} Bf8
{[%clk 0:05:18]} 44. Nh5 {[%clk 0:01:39]} Be7 {[%clk 0:05:22]} 45. g4
{[%clk 0:01:46]} Bd8 {[%clk 0:05:14]} 1/2-1/2

[Event "EYCC 2024 - G16"]
[Site "?"]
[Date "2024.08.28"]
[Round "6.3"]
[White "Ken-Dror, Renana"]
[Black "Seemann, Pola"]
[Result "0-1"]
[BlackElo "1914"]
[WhiteElo "1618"]
[LiveChessVersion "1.4.8"]

1. c4 {[%clk 1:30:58]} e5 {[%clk 1:30:54]} 2. g3 {[%clk 1:31:23]} c6
{[%clk 1:31:19]} 3. d4 {[%clk 1:31:38]} e4 {[%clk 1:31:36]} 4. a3
{[%clk 1:31:37]} h6 {[%clk 1:30:44]} 5. Nc3 {[%clk 1:28:50]} d5 {[%clk 1:30:11]}
6. Bg2 {[%clk 1:28:17]} Nf6 {[%clk 1:28:57]} 7. f3 {[%clk 1:27:23]} Bf5
{[%clk 1:27:12]} 8. fxe4 {[%clk 1:13:19]} dxe4 {[%clk 1:21:52]} 9. e3
{[%clk 1:13:19]} Bd6 {[%clk 1:21:05]} 10. Qc2 {[%clk 1:12:49]} Qe7
{[%clk 1:21:00]} 11. Nh3 {[%clk 1:08:37]} O-O {[%clk 1:19:33]} 12. O-O
{[%clk 1:08:22]} Bh7 {[%clk 1:18:18]} 13. Nf4 {[%clk 0:57:37]} Re8
{[%clk 1:05:41]} 14. Bd2 {[%clk 0:52:47]} h5 {[%clk 1:02:45]} 15. Qd1
{[%clk 0:48:55]} h4 {[%clk 0:59:17]} 16. Be1 {[%clk 0:47:14]} g5 {[%clk 0:55:33]}
17. Nh3 {[%clk 0:35:49]} hxg3 {[%clk 0:49:22]} 18. hxg3 {[%clk 0:36:11]} g4
{[%clk 0:45:58]} 19. Nf4 {[%clk 0:29:58]} Nbd7 {[%clk 0:42:59]} 20. Rc1
{[%clk 0:27:34]} Rad8 {[%clk 0:38:45]} 21. Qe2 {[%clk 0:18:22]} Nf8
{[%clk 0:34:46]} 22. Rc2 {[%clk 0:16:32]} Ne6 {[%clk 0:32:40]} 23. Nxe6
{[%clk 0:10:57]} Qxe6 {[%clk 0:32:51]} 24. Qf2 {[%clk 0:07:36]} Nh5
{[%clk 0:31:22]} 25. Ne2 {[%clk 0:07:53]} Kg7 {[%clk 0:29:33]} 26. Bc3
{[%clk 0:03:55]} Qg6 {[%clk 0:25:32]} 27. c5 {[%clk 0:02:31]} Bc7
{[%clk 0:23:52]} 28. d5+ {[%clk 0:02:44]} Be5 {[%clk 0:24:15]} 29. d6
{[%clk 0:02:57]} Bxc3 {[%clk 0:22:55]} 30. Nxc3 {[%clk 0:03:06]} Rd7
{[%clk 0:22:00]} 31. Ne2 {[%clk 0:03:19]} Re5 {[%clk 0:19:28]} 32. Rc3
{[%clk 0:02:51]} f6 {[%clk 0:15:50]} 33. Rd1 {[%clk 0:01:36]} Bg8
{[%clk 0:14:13]} 34. Rd4 {[%clk 0:01:19]} Bd5 {[%clk 0:14:12]} 35. Rc1
{[%clk 0:01:15]} Rf5 {[%clk 0:12:57]} 36. Nf4 {[%clk 0:01:12]} Nxf4
{[%clk 0:13:18]} 37. exf4 {[%clk 0:01:26]} Rh5 {[%clk 0:12:34]} 38. Qe3
{[%clk 0:01:36]} f5 {[%clk 0:12:55]} 39. Kf2 {[%clk 0:01:05]} Kg8
{[%clk 0:11:43]} 40. Rdd1 {[%clk 0:00:49]} Rdh7 {[%clk 0:11:49]} 41. Rg1
{[%clk 0:00:53]} Qf6 {[%clk 0:11:19]} 42. Rc2 {[%clk 0:01:14]} Rh2
{[%clk 0:10:37]} 43. Ke1 {[%clk 0:01:20]} Qe6 {[%clk 0:10:58]} 44. Rd2
{[%clk 0:00:49]} Qd7 {[%clk 0:09:15]} 45. Kd1 {[%clk 0:00:39]} Qd8
{[%clk 0:08:53]} 46. b4 {[%clk 0:00:36]} Qf6 {[%clk 0:09:03]} 47. Kc2
{[%clk 0:00:54]} Bc4 {[%clk 0:08:58]} 48. Bf1 {[%clk 0:00:54]} Qe6
{[%clk 0:06:07]} 49. d7 {[%clk 0:00:46]} Rxd2+ {[%clk 0:06:01]} 50. Qxd2
{[%clk 0:00:55]} Rxd7 {[%clk 0:06:01]} 51. Qc3 {[%clk 0:00:44]} Bxf1
{[%clk 0:05:25]} 52. Rxf1 {[%clk 0:00:59]} Qa2+ {[%clk 0:05:31]} 53. Kc1
{[%clk 0:01:08]} Rd3 {[%clk 0:05:40]} 54. Qf6 {[%clk 0:01:08]} Qxa3+
{[%clk 0:06:03]} 55. Qb2 {[%clk 0:01:11]} Rc3+ {[%clk 0:06:26]} 0-1

[Event "EYCC 2024 - G16"]
[Site "?"]
[Date "2024.08.28"]
[Round "6.4"]
[White "Szarvas, Nora"]
[Black "Zhezhovska, Monika"]
[Result "1-0"]
[BlackElo "2069"]
[WhiteElo "1850"]
[LiveChessVersion "1.4.8"]

1. e4 {[%clk 1:30:57]} c5 {[%clk 1:30:56]} 2. Nf3 {[%clk 1:31:08]} Nc6
{[%clk 1:31:21]} 3. d4 {[%clk 1:31:33]} cxd4 {[%clk 1:31:47]} 4. Nxd4
{[%clk 1:31:56]} Nf6 {[%clk 1:32:13]} 5. Nc3 {[%clk 1:32:17]} d6 {[%clk 1:32:38]}
6. Bg5 {[%clk 1:32:35]} e6 {[%clk 1:33:01]} 7. Qd2 {[%clk 1:32:53]} a6
{[%clk 1:33:26]} 8. O-O-O {[%clk 1:33:00]} Bd7 {[%clk 1:33:52]} 9. f4
{[%clk 1:33:10]} b5 {[%clk 1:34:14]} 10. Bxf6 {[%clk 1:30:57]} gxf6
{[%clk 1:34:28]} 11. g3 {[%clk 1:26:58]} Qb6 {[%clk 1:33:29]} 12. Bg2
{[%clk 1:21:37]} Nxd4 {[%clk 1:28:50]} 13. Qxd4 {[%clk 1:21:59]} Qxd4
{[%clk 1:29:16]} 14. Rxd4 {[%clk 1:22:21]} Bc6 {[%clk 1:29:40]} 15. f5
{[%clk 1:11:34]} a5 {[%clk 1:24:41]} 16. a3 {[%clk 1:03:21]} h5 {[%clk 1:20:51]}
17. Rf1 {[%clk 0:55:16]} Ke7 {[%clk 1:15:44]} 18. Rfd1 {[%clk 0:51:18]} Bh6+
{[%clk 1:14:45]} 19. Kb1 {[%clk 0:51:40]} Rhd8 {[%clk 1:14:36]} 20. Bf3
{[%clk 0:50:44]} Be3 {[%clk 1:10:47]} 21. R4d3 {[%clk 0:50:34]} Bc5
{[%clk 1:10:47]} 22. e5 {[%clk 0:44:16]} d5 {[%clk 1:04:06]} 23. exf6+
{[%clk 0:43:51]} Kxf6 {[%clk 1:04:34]} 24. fxe6 {[%clk 0:40:41]} fxe6
{[%clk 1:05:02]} 25. Bxh5 {[%clk 0:38:49]} Rh8 {[%clk 1:00:48]} 26. g4
{[%clk 0:35:13]} d4 {[%clk 0:57:22]} 27. Rf1+ {[%clk 0:33:17]} Kg5
{[%clk 0:55:35]} 28. Ne2 {[%clk 0:31:43]} Be4 {[%clk 0:54:08]} 29. Rd2
{[%clk 0:30:53]} Rad8 {[%clk 0:51:53]} 30. Nf4 {[%clk 0:29:23]} Rh6
{[%clk 0:46:53]} 31. h4+ {[%clk 0:29:08]} Kxh4 {[%clk 0:45:14]} 32. Rh2+
{[%clk 0:28:53]} Kg5 {[%clk 0:45:43]} 33. Nh3+ {[%clk 0:25:56]} Kh4
{[%clk 0:46:09]} 34. Nf2+ {[%clk 0:23:47]} Kg3 {[%clk 0:46:37]} 35. Nxe4+
{[%clk 0:24:01]} Kxh2 {[%clk 0:46:58]} 36. Nxc5 {[%clk 0:24:25]} e5
{[%clk 0:46:14]} 37. Re1 {[%clk 0:23:11]} Rd5 {[%clk 0:43:09]} 38. Nd3
{[%clk 0:23:33]} Kg3 {[%clk 0:42:43]} 39. Rxe5 {[%clk 0:21:53]} Rxe5
{[%clk 0:42:53]} 40. Nxe5 {[%clk 0:22:18]} Kf4 {[%clk 0:43:18]} 41. Nd3+
{[%clk 0:22:01]} Ke3 {[%clk 0:43:42]} 42. Ne5 {[%clk 0:19:12]} Kf4
{[%clk 0:43:03]} 43. Nf7 {[%clk 0:18:47]} Rh7 {[%clk 0:43:04]} 44. Nd6
{[%clk 0:18:17]} b4 {[%clk 0:43:23]} 45. axb4 {[%clk 0:18:21]} axb4
{[%clk 0:43:50]} 46. Ka2 {[%clk 0:18:35]} Ke5 {[%clk 0:43:01]} 47. Nc4+
{[%clk 0:18:01]} Kd5 {[%clk 0:43:11]} 48. Kb3 {[%clk 0:17:26]} Rg7
{[%clk 0:42:42]} 49. Nd2 {[%clk 0:16:50]} Kc5 {[%clk 0:42:36]} 50. Ne4+
{[%clk 0:15:59]} Kd5 {[%clk 0:42:51]} 51. Nf6+ {[%clk 0:16:15]} Kc5
{[%clk 0:42:18]} 52. g5 {[%clk 0:16:24]} Re7 {[%clk 0:40:56]} 53. g6
{[%clk 0:16:31]} Re3+ {[%clk 0:41:24]} 54. Ka2 {[%clk 0:16:48]} Re7
{[%clk 0:39:53]} 55. Bg4 {[%clk 0:15:06]} Kc4 {[%clk 0:36:02]} 56. b3+
{[%clk 0:15:11]} Kc5 {[%clk 0:35:58]} 57. Nh5 {[%clk 0:14:42]} 1-0

[Event "EYCC 2024 - G16"]
[Site "?"]
[Date "2024.08.28"]
[Round "6.5"]
[White "Recica, Jona"]
[Black "Haug, Mara"]
[Result "0-1"]
[BlackElo "1958"]
[WhiteElo "1791"]
[LiveChessVersion "1.4.8"]

1. e4 {[%clk 1:30:57]} c5 {[%clk 1:30:55]} 2. Nc3 {[%clk 1:31:24]} Nc6
{[%clk 1:31:19]} 3. f4 {[%clk 1:31:51]} g6 {[%clk 1:31:39]} 4. Nf3
{[%clk 1:32:17]} Bg7 {[%clk 1:32:02]} 5. Bb5 {[%clk 1:32:43]} Nd4
{[%clk 1:32:26]} 6. O-O {[%clk 1:32:48]} Nxb5 {[%clk 1:32:48]} 7. Nxb5
{[%clk 1:33:11]} d6 {[%clk 1:33:05]} 8. d3 {[%clk 1:33:09]} Bd7 {[%clk 1:33:29]}
9. Nc3 {[%clk 1:33:17]} e6 {[%clk 1:33:32]} 10. Qe1 {[%clk 1:32:51]} Ne7
{[%clk 1:33:01]} 11. Rb1 {[%clk 1:32:09]} O-O {[%clk 1:31:42]} 12. Qg3
{[%clk 1:31:06]} Bc6 {[%clk 1:17:43]} 13. Ng5 {[%clk 1:26:37]} h6
{[%clk 1:00:33]} 14. Nh3 {[%clk 1:25:11]} f5 {[%clk 0:50:19]} 15. Nf2
{[%clk 1:19:50]} Kh7 {[%clk 0:47:38]} 16. Qh3 {[%clk 1:13:51]} b5
{[%clk 0:41:01]} 17. g4 {[%clk 1:06:42]} a6 {[%clk 0:37:52]} 18. Ne2
{[%clk 1:03:50]} Bb7 {[%clk 0:34:11]} 19. g5 {[%clk 0:59:05]} h5 {[%clk 0:34:33]}
20. Ng3 {[%clk 0:58:58]} Qe8 {[%clk 0:34:23]} 21. Re1 {[%clk 0:57:32]} Qf7
{[%clk 0:34:13]} 22. Bd2 {[%clk 0:52:50]} Nc6 {[%clk 0:32:41]} 23. c3
{[%clk 0:51:15]} Rad8 {[%clk 0:31:30]} 24. Re2 {[%clk 0:49:23]} Rfe8
{[%clk 0:28:48]} 25. Rbe1 {[%clk 0:47:25]} Kg8 {[%clk 0:28:10]} 26. exf5
{[%clk 0:44:21]} exf5 {[%clk 0:28:02]} 27. Rxe8+ {[%clk 0:44:24]} Rxe8
{[%clk 0:28:30]} 28. Rxe8+ {[%clk 0:43:14]} Qxe8 {[%clk 0:28:59]} 29. Qf1
{[%clk 0:42:51]} b4 {[%clk 0:27:47]} 30. Qe1 {[%clk 0:39:03]} Qxe1+
{[%clk 0:24:05]} 31. Bxe1 {[%clk 0:39:28]} a5 {[%clk 0:24:08]} 32. Ne2
{[%clk 0:37:56]} Ne7 {[%clk 0:23:46]} 33. b3 {[%clk 0:32:38]} Bf3
{[%clk 0:23:28]} 34. Kf1 {[%clk 0:26:51]} Bxe2+ {[%clk 0:22:57]} 35. Kxe2
{[%clk 0:27:16]} bxc3 {[%clk 0:23:18]} 36. Kd1 {[%clk 0:25:04]} Nd5
{[%clk 0:22:19]} 37. Kc2 {[%clk 0:24:28]} Ne3+ {[%clk 0:21:57]} 38. Kc1
{[%clk 0:24:29]} Ng2 {[%clk 0:21:25]} 39. Kd1 {[%clk 0:23:42]} c2+
{[%clk 0:21:16]} 0-1

[Event "EYCC 2024 - G16"]
[Site "?"]
[Date "2024.08.28"]
[Round "6.6"]
[White "Wojs, Alicja"]
[Black "Chendighilean, Anna"]
[Result "0-1"]
[BlackElo "1835"]
[WhiteElo "1953"]
[LiveChessVersion "1.4.8"]

1. e4 {[%clk 1:30:57]} c6 {[%clk 1:30:57]} 2. d4 {[%clk 1:31:21]} d5
{[%clk 1:31:13]} 3. Nd2 {[%clk 1:31:43]} dxe4 {[%clk 1:31:38]} 4. Nxe4
{[%clk 1:32:05]} Bf5 {[%clk 1:32:02]} 5. Ng3 {[%clk 1:32:27]} Bg6
{[%clk 1:32:26]} 6. h4 {[%clk 1:32:36]} h6 {[%clk 1:32:27]} 7. h5
{[%clk 1:32:33]} Bh7 {[%clk 1:32:50]} 8. Nf3 {[%clk 1:32:58]} Nf6
{[%clk 1:32:38]} 9. Bd3 {[%clk 1:30:58]} Bxd3 {[%clk 1:32:55]} 10. Qxd3
{[%clk 1:31:20]} e6 {[%clk 1:31:10]} 11. Bd2 {[%clk 1:31:31]} Nbd7
{[%clk 1:30:44]} 12. O-O-O {[%clk 1:29:59]} Be7 {[%clk 1:29:26]} 13. Kb1
{[%clk 1:29:57]} Qc7 {[%clk 1:28:27]} 14. Ne4 {[%clk 1:28:39]} Nxe4
{[%clk 1:27:50]} 15. Qxe4 {[%clk 1:29:02]} Nf6 {[%clk 1:27:03]} 16. Qe2
{[%clk 1:29:23]} O-O-O {[%clk 1:25:11]} 17. c4 {[%clk 1:25:42]} c5
{[%clk 1:22:23]} 18. Bc3 {[%clk 1:25:52]} Qf4 {[%clk 1:19:07]} 19. Qe5
{[%clk 1:18:47]} Qe4+ {[%clk 1:15:52]} 20. Ka1 {[%clk 1:14:05]} Bd6
{[%clk 1:14:34]} 21. Qxe4 {[%clk 1:12:04]} Nxe4 {[%clk 1:14:55]} 22. dxc5
{[%clk 1:04:45]} Bxc5 {[%clk 1:10:12]} 23. Bxg7 {[%clk 1:01:23]} Rh7
{[%clk 1:02:08]} 24. Rxd8+ {[%clk 0:58:20]} Kxd8 {[%clk 1:02:29]} 25. Bd4
{[%clk 0:58:17]} Bxd4 {[%clk 0:58:14]} 26. Nxd4 {[%clk 0:58:34]} Nxf2
{[%clk 0:56:45]} 27. Rf1 {[%clk 0:57:04]} Ne4 {[%clk 0:46:35]} 28. g4
{[%clk 0:55:29]} Ke7 {[%clk 0:42:59]} 29. Rf4 {[%clk 0:49:16]} Nf6
{[%clk 0:39:57]} 30. c5 {[%clk 0:44:29]} Nd5 {[%clk 0:31:31]} 31. Re4
{[%clk 0:41:36]} Kd7 {[%clk 0:27:24]} 32. Nf3 {[%clk 0:34:51]} Kc6
{[%clk 0:21:14]} 33. b4 {[%clk 0:33:57]} Rg7 {[%clk 0:19:46]} 34. Ne5+
{[%clk 0:28:46]} Kb5 {[%clk 0:17:53]} 35. a3 {[%clk 0:28:51]} a5 {[%clk 0:16:35]}
36. bxa5 {[%clk 0:25:46]} Kxc5 {[%clk 0:14:16]} 37. a4 {[%clk 0:24:08]} f6
{[%clk 0:12:46]} 38. Ng6 {[%clk 0:21:28]} e5 {[%clk 0:12:16]} 39. Kb2
{[%clk 0:20:38]} Rd7 {[%clk 0:10:06]} 40. Kb3 {[%clk 0:19:16]} Ne7
{[%clk 0:09:00]} 41. Rc4+ {[%clk 0:16:28]} Kd5 {[%clk 0:07:03]} 42. Nh4
{[%clk 0:14:38]} e4 {[%clk 0:05:16]} 43. Ng2 {[%clk 0:11:48]} Ke5
{[%clk 0:04:19]} 44. Rc5+ {[%clk 0:10:44]} Kd4 {[%clk 0:03:54]} 45. Rc4+
{[%clk 0:09:18]} Kd3 {[%clk 0:03:36]} 46. Rc3+ {[%clk 0:08:43]} Ke2
{[%clk 0:02:59]} 47. Nf4+ {[%clk 0:08:58]} Kd2 {[%clk 0:02:44]} 48. Kb2
{[%clk 0:07:20]} Nd5 {[%clk 0:01:51]} 49. Rc2+ {[%clk 0:06:04]} Ke3
{[%clk 0:01:57]} 50. Ne6 {[%clk 0:05:22]} Nb4 {[%clk 0:01:05]} 51. Rc4
{[%clk 0:04:09]} Nd3+ {[%clk 0:00:39]} 52. Kc3 {[%clk 0:04:33]} Nf2
{[%clk 0:00:49]} 53. Nc5 {[%clk 0:04:34]} Re7 {[%clk 0:00:40]} 54. Rb4
{[%clk 0:03:48]} Kf3 {[%clk 0:00:33]} 55. Kd2 {[%clk 0:01:56]} e3+
{[%clk 0:00:41]} 56. Ke1 {[%clk 0:02:16]} Rc7 {[%clk 0:00:34]} 57. Rb6
{[%clk 0:02:08]} Rxc5 {[%clk 0:00:37]} 58. Rxf6+ {[%clk 0:02:37]} Ke4
{[%clk 0:00:36]} 59. Re6+ {[%clk 0:03:01]} Kd4 {[%clk 0:00:34]} 60. Rd6+
{[%clk 0:03:24]} Ke5 {[%clk 0:00:35]} 61. Rxh6 {[%clk 0:03:44]} Nxg4
{[%clk 0:00:39]} 62. Rg6 {[%clk 0:03:50]} Kf4 {[%clk 0:00:38]} 63. Rg7
{[%clk 0:03:37]} Rxh5 {[%clk 0:00:36]} 64. Rxb7 {[%clk 0:04:00]} Rxa5
{[%clk 0:00:42]} 65. Rf7+ {[%clk 0:04:26]} Ke4 {[%clk 0:00:56]} 66. Rg7
{[%clk 0:04:39]} Ne5 {[%clk 0:00:51]} 67. Rh7 {[%clk 0:05:07]} Rxa4
{[%clk 0:00:38]} 68. Rh4+ {[%clk 0:04:47]} Kd3 {[%clk 0:00:45]} 69. Rxa4
{[%clk 0:05:04]} Nf3+ {[%clk 0:01:11]} 70. Kf1 {[%clk 0:05:31]} e2+
{[%clk 0:01:37]} 71. Kg2 {[%clk 0:05:58]} e1=Q 72. Ra3+ {[%clk 0:06:27]} Ke4
{[%clk 0:00:42]} 73. Rxf3 {[%clk 0:06:55]} Qe2+ {[%clk 0:01:00]} 74. Rf2
{[%clk 0:07:20]} Qg4+ {[%clk 0:01:22]} 75. Kh2 {[%clk 0:07:44]} Ke3
{[%clk 0:01:25]} 76. Rg2 {[%clk 0:08:09]} Qh4+ {[%clk 0:00:59]} 77. Kg1
{[%clk 0:08:28]} Kf3 78. Ra2 {[%clk 0:07:10]} Qg5+ {[%clk 0:00:55]} 79. Kh1
{[%clk 0:06:20]} Qh6+ {[%clk 0:01:13]} 80. Kg1 {[%clk 0:06:42]} Qg6+
{[%clk 0:01:35]} 81. Kh2 {[%clk 0:06:36]} Qh7+ {[%clk 0:01:50]} 82. Kg1
{[%clk 0:07:01]} Qb1+ {[%clk 0:02:10]} 0-1

[Event "EYCC 2024 - G16"]
[Site "?"]
[Date "2024.08.28"]
[Round "6.7"]
[White "Bruntse, Kathrine Lindegaard"]
[Black "Ahn, Anastasia"]
[Result "1-0"]
[BlackElo "1820"]
[WhiteElo "1945"]
[LiveChessVersion "1.4.8"]

1. d4 {[%clk 1:30:57]} d5 {[%clk 1:30:27]} 2. c4 {[%clk 1:31:18]} e6
{[%clk 1:30:52]} 3. Nf3 {[%clk 1:31:43]} Nf6 {[%clk 1:31:17]} 4. Nc3
{[%clk 1:32:04]} Nbd7 {[%clk 1:31:40]} 5. Bg5 {[%clk 1:30:03]} Bb4
{[%clk 1:31:43]} 6. e3 {[%clk 1:26:59]} c5 {[%clk 1:31:23]} 7. Bd3
{[%clk 1:17:43]} Qa5 {[%clk 1:30:38]} 8. O-O {[%clk 1:08:45]} cxd4
{[%clk 1:27:08]} 9. exd4 {[%clk 1:02:42]} Bxc3 {[%clk 1:12:39]} 10. bxc3
{[%clk 1:01:03]} Qxc3 {[%clk 1:12:31]} 11. c5 {[%clk 0:57:38]} O-O
{[%clk 1:08:02]} 12. Rc1 {[%clk 0:54:30]} Qa5 {[%clk 1:06:19]} 13. Qc2
{[%clk 0:53:32]} Qc7 {[%clk 1:00:46]} 14. Rfe1 {[%clk 0:50:33]} Re8
{[%clk 0:45:46]} 15. Bh4 {[%clk 0:43:02]} h6 {[%clk 0:42:00]} 16. Bg3
{[%clk 0:36:32]} Qc6 {[%clk 0:36:51]} 17. a4 {[%clk 0:33:37]} a6 {[%clk 0:36:05]}
18. a5 {[%clk 0:30:02]} Ne4 {[%clk 0:31:04]} 19. Bxe4 {[%clk 0:20:13]} dxe4
{[%clk 0:31:22]} 20. Qxe4 {[%clk 0:16:08]} Qxe4 {[%clk 0:30:39]} 21. Rxe4
{[%clk 0:16:32]} Nf6 {[%clk 0:30:50]} 22. Re2 {[%clk 0:15:36]} Bd7
{[%clk 0:29:55]} 23. Bd6 {[%clk 0:12:38]} Bb5 {[%clk 0:28:43]} 24. Ree1
{[%clk 0:11:37]} Rac8 {[%clk 0:26:30]} 25. Ne5 {[%clk 0:08:27]} Nd5
{[%clk 0:23:36]} 26. Nc4 {[%clk 0:07:29]} Red8 {[%clk 0:23:14]} 27. Bg3
{[%clk 0:07:06]} Rc6 {[%clk 0:16:27]} 28. Nd6 {[%clk 0:07:05]} Rd7
{[%clk 0:14:36]} 29. Rb1 {[%clk 0:06:59]} Nc3 {[%clk 0:13:53]} 30. Rb2
{[%clk 0:07:13]} Kf8 {[%clk 0:11:06]} 31. h3 {[%clk 0:06:48]} Kg8
{[%clk 0:10:45]} 32. Kh2 {[%clk 0:06:23]} Kf8 {[%clk 0:08:24]} 33. f3
{[%clk 0:06:16]} Kg8 {[%clk 0:08:03]} 34. Bf2 {[%clk 0:06:24]} Rdxd6
{[%clk 0:06:09]} 35. cxd6 {[%clk 0:06:37]} Rxd6 36. Rc1 {[%clk 0:06:07]} Rc6
{[%clk 0:05:58]} 37. Rbc2 {[%clk 0:05:30]} Nd5 {[%clk 0:06:03]} 38. Rxc6
{[%clk 0:05:02]} Bxc6 {[%clk 0:06:31]} 39. Bg3 {[%clk 0:05:04]} Ne3
{[%clk 0:06:17]} 40. Bd6 {[%clk 0:05:07]} Nd5 {[%clk 0:05:12]} 41. f4
{[%clk 0:04:51]} f5 {[%clk 0:04:30]} 42. g4 {[%clk 0:04:57]} g6 {[%clk 0:03:02]}
43. gxf5 {[%clk 0:04:51]} gxf5 {[%clk 0:02:39]} 44. Kg3 {[%clk 0:04:43]} Kf7
{[%clk 0:02:18]} 45. Kh4 {[%clk 0:03:02]} Nf6 {[%clk 0:02:19]} 46. Be5
{[%clk 0:03:06]} Ne4 {[%clk 0:00:40]} 47. Kh5 {[%clk 0:02:32]} Nf2
{[%clk 0:00:41]} 48. Rc3 {[%clk 0:02:32]} Ne4 {[%clk 0:00:44]} 49. Rc2
{[%clk 0:02:23]} Ng3+ {[%clk 0:00:34]} 50. Kxh6 {[%clk 0:02:33]} Nf1
{[%clk 0:00:43]} 51. Re2 {[%clk 0:02:01]} Ng3 {[%clk 0:00:56]} 52. Re1
{[%clk 0:02:09]} Ne4 {[%clk 0:00:37]} 53. Rg1 {[%clk 0:02:08]} Nf2
{[%clk 0:00:51]} 54. Rg3 {[%clk 0:02:20]} Ke8 {[%clk 0:00:42]} 55. Kg7
{[%clk 0:02:16]} Ke7 {[%clk 0:00:43]} 56. h4 {[%clk 0:01:57]} Ne4
{[%clk 0:00:33]} 57. Rg1 {[%clk 0:02:04]} Be8 {[%clk 0:00:37]} 58. Rb1
{[%clk 0:02:13]} Nd6 {[%clk 0:00:38]} 59. Rb6 {[%clk 0:02:20]} Bc6
{[%clk 0:00:52]} 60. Bxd6+ {[%clk 0:02:13]} 1-0